The evolution of modern Germany (Record no. 552908)
[ view plain ]
| 000 -LEADER | |
|---|---|
| fixed length control field | 00570cam a2200169Ka 4500 |
| 082 ## - DEWEY DECIMAL CLASSIFICATION NUMBER | |
| Classification number | 943 |
| Author Mark | DAW |
| 100 1# - MAIN ENTRY--PERSONAL NAME | |
| Personal name | Dawson, William Harbutt, |
| 9 (RLIN) | 50177 |
| 245 14 - TITLE STATEMENT | |
| Title | The evolution of modern Germany |
| Statement of responsibility, etc. | by William Harbutt Dawson. |
| 260 ## - PUBLICATION, DISTRIBUTION, ETC. | |
| Place of publication, distribution, etc. | London : |
| Name of publisher, distributor, etc. | T.F. Unwin, |
| Date of publication, distribution, etc. | [1911] |
| 300 ## - PHYSICAL DESCRIPTION | |
| Extent | 1 online resource (xvi, 503 p.) |
| 526 ## - STUDY PROGRAM INFORMATION NOTE | |
| Program name | 0 |
| Interest level | 0 |
| Reading level | 0 |
| Title point value | 943_000000000000000_DAW |
| 650 #0 - SUBJECT ADDED ENTRY--TOPICAL TERM | |
| Topical term or geographic name entry element | Competition, International. |
| 9 (RLIN) | 13612 |
| 650 #0 - SUBJECT ADDED ENTRY--TOPICAL TERM | |
| Topical term or geographic name entry element | Industries |
| Geographic subdivision | Germany. |
| 9 (RLIN) | 50178 |
| 650 #0 - SUBJECT ADDED ENTRY--TOPICAL TERM | |
| Topical term or geographic name entry element | MCE |
| 9 (RLIN) | 379 |
| 856 40 - ELECTRONIC LOCATION AND ACCESS | |
| Uniform Resource Identifier | <a href="http://catalog.hathitrust.org/api/volumes/oclc/11503606.html">http://catalog.hathitrust.org/api/volumes/oclc/11503606.html</a> |
| 942 ## - ADDED ENTRY ELEMENTS (KOHA) | |
| Source of classification or shelving scheme | |
| Koha item type | Book |
| Withdrawn status | Lost status | Source of classification or shelving scheme | Damaged status | Not for loan | Permanent Location | Current Location | Shelving location | Date acquired | Total Checkouts | Full call number | Barcode | Date last seen | Price effective from | Koha item type |
|---|---|---|---|---|---|---|---|---|---|---|---|---|---|---|
| Military College of Engineering (MCE) | Military College of Engineering (MCE) | 01/27/2015 | 943 DAW | MCE-ECE/29 | 01/27/2015 | 01/27/2015 | Book |
